[Event "WLS-chT 1819"]
[Site "Wales"]
[Date "2019.03.10"]
[Round "4.17"]
[White "Jones, Adam"]
[Black "Hurley, Jake1"]
[Result "0-1"]
[WhiteElo "1810"]
[BlackElo "1837"]
[PlyCount "38"]
[EventDate "2018.11.04"]
[EventType "team-tourn"]
[EventRounds "5"]
[EventCountry "WLS"]
[SourceTitle "EXT 2020"]
[Source "ChessBase"]
[SourceDate "2019.10.17"]
[SourceVersion "1"]
[SourceVersionDate "2019.10.17"]
[SourceQuality "1"]
[WhiteTeam "Cardigan"]
[BlackTeam "Cardiff"]
[WhiteTeamCountry "WLS"]
[BlackTeamCountry "WLS"]

1. Nf3 f5 2. g3 d6 3. d3 e5 4. Bg2 Be7 5. c4 a5 6. Nc3 Nf6 7. 0-0 0-0 8. d4 Nbd7 9. dxe5 dxe5 10. e4 fxe4 11. Nxe4 Kh8 12. Neg5 e4 13. Ne6 exf3 14. Nxd8 fxg2 15. Kxg2 Rxd8 16. Bf4 Nc5 17. Qe2 Ne6 18. Bxc7 Re8 19. Rad1 Nxc7 0-1

[Event "WLS-chT 1819"]
[Site "Wales"]
[Date "2019.01.27"]
[Round "3.17"]
[White "Jones, Adam"]
[Black "Saunders, Walter NR"]
[Result "1/2-1/2"]
[WhiteElo "1800"]
[BlackElo "1996"]
[PlyCount "91"]
[EventDate "2018.11.04"]
[EventType "team-tourn"]
[EventRounds "5"]
[EventCountry "WLS"]
[SourceTitle "EXT 2020"]
[Source "ChessBase"]
[SourceDate "2019.10.17"]
[SourceVersion "1"]
[SourceVersionDate "2019.10.17"]
[SourceQuality "1"]
[WhiteTeam "Cardigan"]
[BlackTeam "Abergavenny"]
[WhiteTeamCountry "WLS"]
[BlackTeamCountry "WLS"]

1. c4 Nf6 2. Nc3 g6 3. g3 Bg7 4. Bg2 0-0 5. e4 e5 6. d3 d6 7. Nge2 c5 8. 0-0 Nc6 9. h3 a6 10. Be3 Nd4 11. Qd2 Bxh3 12. Bg5 Bxg2 13. Kxg2 Ne6 14. Bh6 Bxh6 15. Qxh6 Ng4 16. Qd2 Qg5 17. Qxg5 Nxg5 18. Nd5 Kg7 19. f3 Nh6 20. b4 f5 21. bxc5 dxc5 22. f4 exf4 23. Nexf4 fxe4 24. Nc7 exd3 25. Nfe6+ Nxe6 26. Nxe6+ Kg8 27. Rxf8+ Rxf8 28. Nxf8 Kxf8 29. Rd1 Nf5 30. Kf3 Ke7 31. Rxd3 Nd6 32. Rc3 Kd7 33. Kf4 Kc6 34. g4 b5 35. cxb5+ axb5 36. g5 c4 37. Rh3 b4 38. Rxh7 c3 39. Ke3 c2 40. Kd2 Ne4+ 41. Kxc2 Nxg5 42. Rg7 Kb5 43. Rxg6 Ne4 44. Rg4 Nc5 45. Rg5 Kc4 46. Rg4+ 1/2-1/2

[Event "WLS-chT 1819"]
[Site "Wales"]
[Date "2018.12.02"]
[Round "2.5"]
[White "May, Adam John"]
[Black "Jones, Adam"]
[Result "1/2-1/2"]
[WhiteElo "1897"]
[BlackElo "1794"]
[PlyCount "57"]
[EventDate "2018.11.04"]
[EventType "team-tourn"]
[EventRounds "5"]
[EventCountry "WLS"]
[SourceTitle "EXT 2020"]
[Source "ChessBase"]
[SourceDate "2019.10.17"]
[SourceVersion "1"]
[SourceVersionDate "2019.10.17"]
[SourceQuality "1"]
[WhiteTeam "White Knights"]
[BlackTeam "Cardigan"]
[WhiteTeamCountry "WLS"]
[BlackTeamCountry "WLS"]

1. c4 e5 2. g3 Nc6 3. Nc3 g6 4. Bg2 Bg7 5. e4 d6 6. Nge2 Be6 7. d3 Qd7 8. Nd5 Nd4 9. Nxd4 exd4 10. Bd2 c6 11. Nf4 Ne7 12. 0-0 0-0 13. b4 h6 14. a4 g5 15. Nxe6 Qxe6 16. f4 gxf4 17. Rxf4 f5 18. Bh3 Qg6 19. exf5 Nxf5 20. Bxf5 Rxf5 21. Rg4 Qe6 22. Rf4 Re8 23. Rxf5 Qxf5 24. Qf1 Qxf1+ 25. Kxf1 Kf7 26. Re1 Rxe1+ 27. Kxe1 h5 28. Ke2 Ke6 29. h3 1/2-1/2

[Event "West Wales-Gwent"]
[Site "Swansea"]
[Date "2002.11.17"]
[Round "?"]
[White "Jones, Adam"]
[Black "Rowland, Jeff"]
[Result "1/2-1/2"]
[WhiteElo "1403"]
[BlackElo "1659"]
[PlyCount "44"]
[EventDate "2002.??.??"]
[EventType "team-tourn"]
[EventRounds "1"]
[EventCountry "WLS"]
[SourceTitle "EXT 2004"]
[Source "ChessBase"]
[SourceDate "2003.11.25"]
[SourceVersion "1"]
[SourceVersionDate "2003.11.25"]
[SourceQuality "1"]
[WhiteTeam "West Wales"]
[BlackTeam "Gwent"]
[WhiteTeamCountry "WLS"]
[BlackTeamCountry "WLS"]

1. d4 Nf6 2. Nf3 g6 3. Nc3 Bg7 4. e4 d6 5. Be3 0-0 6. Qd2 Nbd7 7. Bh6 a6 8. Bxg7 Kxg7 9. Bd3 c5 10. 0-0 cxd4 11. Nxd4 Ne5 12. Be2 Bg4 13. f3 Bd7 14. f4 Nc6 15. Kh1 Nxd4 16. Qxd4 Kg8 17. Rad1 Bc6 18. Bc4 Qc7 19. Rfe1 Rac8 20. Bb3 Nh5 21. Nd5 Bxd5 22. exd5 Ng7 1/2-1/2